000 00432nam a2200181Ia 4500
001 7371
005 20260306160450.0
008 260306t1996||||xx |||||||||||||| ||spa||
041 _aESP
082 _a338.7
_bS749
100 _aShy, Oz
_eAUT
245 0 _aIndustrial organization:
_btheory and applications
260 _c1996
300 _a466 páginas :
_c23 cm.
650 _aGEN
654 _aCII
942 _cLIB
_dJUS
_fJUS
_2ddc
_n
999 _c7371
_d7371